Central Library OPAC University of Rajshahi

Intermediate Accounting : a functional approach / (Record no. 45223)

MARC details
000 -LEADER
fixed length control field 00669nam a2200229 a 4500
001 - CONTROL NUMBER
control field 45223
003 - CONTROL NUMBER IDENTIFIER
rucl marc code BD-RjUL
005 - DATE AND TIME OF LATEST TRANSACTION
control field 20211209054000.0
008 - FIXED-LENGTH DATA ELEMENTS--GENERAL INFORMATION
fixed length control field 190406s1962 n a 001 0 eng d
035 ## - SYSTEM CONTROL NUMBER
System control number (BD-RjUL)45341
040 ## - CATALOGING SOURCE
Original cataloging agency BD-RjUL
Language of cataloging eng
Transcribing agency BD-RjUL
Modifying agency BD-RjUL
041 ## - LANGUAGE CODE
Language code of text/sound track or separate title eng
082 ## - DEWEY DECIMAL CLASSIFICATION NUMBER
Edition number 23
Classification number 657
Author mark and year MOI 1962
100 ## - MAIN ENTRY--PERSONAL NAME
Personal name Moyer, C.A.
9 (RLIN) 230236
245 ## - TITLE STATEMENT
Title Intermediate Accounting : a functional approach /
Statement of responsibility, etc. C.A. Moyer and R.K. Mautz
260 ## - PUBLICATION, DISTRIBUTION, ETC. (IMPRINT)
Place of publication, distribution, etc. NewYork ; London :
Name of publisher, distributor, etc. John Wiley & Sons,
Date of publication, distribution, etc. 1962
300 ## - PHYSICAL DESCRIPTION
Pagination xiii, 602 p. :
Illustrations ill. ;
Size 24 cm.
500 ## - GENERAL NOTE
General note Includes index
650 ## - SUBJECT ADDED ENTRY--TOPICAL TERM
Topical term or geographic name as entry element Accounting
9 (RLIN) 230237
700 ## - ADDED ENTRY--PERSONAL NAME
Personal name Mautz, R.K.
942 ## - ADDED ENTRY ELEMENTS (KOHA)
Source of classification or shelving scheme Dewey Decimal Classification
Koha item type Books
Holdings
Lost status Source of classification or shelving scheme Damaged status Not for loan Collection code Permanent Location Current Location Shelving location Date acquired Source of acquisition Cost, normal purchase price Total Checkouts Full call number Date last seen Copy number Koha item type
  Dewey Decimal Classification     Non-fiction Central Library, University of Rajshahi Central Library, University of Rajshahi   09/12/1967 Book vew , Dhaka 63.00   657 MOI 1962 08/04/2019 C-2 Books
  Dewey Decimal Classification     Non-fiction Central Library, University of Rajshahi Central Library, University of Rajshahi   09/12/1967 Book vew , Dhaka 63.00   657 MOI 1962 08/04/2019 C-3 Books
  Dewey Decimal Classification   Not For Loan Non-fiction Central Library, University of Rajshahi Central Library, University of Rajshahi Reading Room 09/12/1967 Book vew , Dhaka 63.00   657 MOI 1962 08/04/2019 C-1 Books
  Dewey Decimal Classification     Non-fiction Central Library, University of Rajshahi Central Library, University of Rajshahi   25/11/1967 Zeitlinger 80.00   657 MOI 1962 10/04/2019 C-4 Books
  Dewey Decimal Classification     Non-fiction Central Library, University of Rajshahi Central Library, University of Rajshahi   25/11/1967 Zeitlinger 80.00   657 MOI 1962 10/04/2019 C-5 Books
  Dewey Decimal Classification     Non-fiction Central Library, University of Rajshahi Central Library, University of Rajshahi   25/03/1963 Zeitlinger 80.00   657 MOI 1962 10/04/2019 C-6 Books
  Dewey Decimal Classification     Non-fiction Central Library, University of Rajshahi Central Library, University of Rajshahi General Stacks 25/03/1963 Zeitlinger 45.00   657 MOI 1962 18/10/2023 C-7 Books